Alphabetical Flag Combinations Quiz Stats

 Plays Quiz Updated May 11, 2019

Score 0/21 Timer 05:00
0 Plays Today
% Correct
India & Ireland
84.6%
France & Fiji
83.9%
Hungary & Honduras
73.4%
Liberia & Lebanon
71.8%
Bosnia and Herzegovina & Bhutan
71.7%
Croatia & Canada
69.1%
Kenya & Kuwait
68.4%
USA & Uruguay
66.4%
Argentina & Armenia
66.1%
Ethiopia & Ecuador
65.7%
Guinea & Georgia
61.2%
% Correct
Dominican Republic & Denmark
61.1%
Jordan & Jamaica
60.6%
Zambia & Zimbabwe
60.4%
Portugal & Palau
59.3%
Vanuatu & Venezuela
57.4%
Netherlands & Niger
53.6%
Romania & Rwanda
51.6%
Malaysia & Mauritius
47.3%
Spain & Sierra Leone
44.4%
Tunisia and Tonga
40.2%

You're not logged in!

Compare scores with friends on all Sporcle quizzes.
OR
Log In

Sporcle TV

Today on Sporcle TV


Watch our educational content, quiz creation guides, and fun videos on Sporcle TV.

Show Comments

Extras

Top Quizzes Today


Score Distribution

Your Account Isn't Verified!

In order to create a playlist on Sporcle, you need to verify the email address you used during registration. Go to your Sporcle Settings to finish the process.

Report this User

Report this user for behavior that violates our Community Guidelines.

Details: